00534 2200205 4500001002100000005001500021035002000036007000300056008004100059020001500100082001000115084001600125100002000141245006400161250001100225260003900236300002700275650000900302990001700311INLIS00000000000612120201020025445 a0010-1020000031ta201020 g 0 ind  a9796610612 a611.3 a611.3 PRI m0 aPRIYATINI, Erni1 aMemahami Pertumbuhan & Kelainan Gigi Anak /cErni Priyatini aCet. 1 aJakarta :bTrubus Agriwidya,c2000 aviii.44 hlm ;c20,5 cm 4aGIGI a626204101034